000 00557nam a2200193Ia 4500
005 20250508160756.0
008 008 250505s9999 xx 000 0 eng d
037 _aBooks to be hide in OPAC
040 _aFEDL
_beng
_cFEDL
041 _aeng
_2eng
084 _a020.713, SAB
_qFEDL
100 _aSabor Josefa E.
_9769336
245 0 _aMethod of teaching librarianship
260 _aDelhi, India
_bA Universal Publication
_c1974
300 _a144p.
650 _aLibrary Science
942 _cHB
_h020.713, SAB
999 _c1366551
_d1366551